[Event "ARG-ch Amateur U1700"]
[Site "Suipacha"]
[Date "2019.11.16"]
[Round "3.10"]
[White "Beron, Ricardo"]
[Black "Gaite, Ruben Alejandro"]
[Result "0-1"]
[WhiteElo "1585"]
[BlackElo "1440"]
[PlyCount "88"]
[EventDate "2019.11.15"]
[EventType "swiss"]
[EventRounds "8"]
[EventCountry "ARG"]
[SourceTitle "EXT 2024"]
[Source "ChessBase"]
[SourceDate "2023.10.10"]
[SourceVersion "1"]
[SourceVersionDate "2023.10.10"]
[SourceQuality "1"]

1. c4 c5 2. Nf3 Nf6 3. Nc3 Nc6 4. d4 e6 5. e4 cxd4 6. Nxd4 Bb4 7. Nc2 Bxc3+ 8. bxc3 Nxe4 9. Qg4 d5 10. Qxg7 Qf6 11. Qxf6 Nxf6 12. cxd5 Nxd5 13. Bc4 Nce7 14. 0-0 Rg8 15. Bd2 Bd7 16. Nb4 Nb6 17. Bd3 a5 18. Nc2 Bc6 19. g3 0-0-0 20. Ne1 h5 21. h4 Ng6 22. Bg5 Rdf8 23. Kh2 Ne5 24. f3 f6 25. Bf4 Nxd3 26. Nxd3 Rd8 27. Nc5 e5 28. Be3 Nd5 29. Bd2 b6 30. Ne4 Ne7 31. Rad1 Bb5 32. Rfe1 Ba4 33. Rb1 f5 34. Bg5 fxe4 35. Bxe7 Rd2+ 36. Kh1 exf3 37. Bg5 Re2 38. Rxe2 fxe2 39. Kg1 Bd1 40. Bd2 Rxg3+ 41. Kf2 Rd3 42. Be1 Kb7 43. Rb2 e4 44. Rxe2 Rf3+ 0-1